Cuidado y adiestramiento de atletas /
Guardado en:
| Autor Principal: | |
|---|---|
| Formato: | Libro |
| Publicado: |
Buenos Aires :
Ocesa,
1948
|
| Materias: | |
| Etiquetas: |
Agregar Etiqueta
Sin Etiquetas, Sea el primero en etiquetar este registro!
|
| LEADER | 00435nam a22001575a 4500 | ||
|---|---|---|---|
| 001 | CEM.cems006640 | ||
| 005 | 20060214000000.0 | ||
| 008 | 130507s1948##################000#0#####d | ||
| 003 | CEMS | ||
| 082 | 0 | 4 | |a 796 |
| 100 | 1 | |a Webster, F. A. M. | |
| 245 | 1 | 0 | |a Cuidado y adiestramiento de atletas / |
| 260 | |a Buenos Aires : |b Ocesa, |c 1948 | ||
| 300 | |a 546 | ||
| 653 | |a Atletismo y deportes | ||
| 859 | |a CEMS |b BIB. CEMS - 11 de abril |h 796 |i W391 |p 10497.81 |t Ej.1 | ||
